Catálogo
 En Linea

Estudio de factibilidad Tavera-Bao para el gobierno dominicano / (Registro nro. 26310)

Detalles MARC
000 -CABECERA
campo de control de longitud fija 00802nam a2200181 a 4500
001 - NÚMERO DE CONTROL
campo de control 000026818
005 - FECHA Y HORA DE LA ÚLTIMA TRANSACCIÓN
campo de control 20211025112953.0
008 - DATOS DE LONGITUD FIJA--INFORMACIÓN GENERAL
campo de control de longitud fija 110325s1972 dr ab 000 0 spa d
040 ## - FUENTE DE LA CATALOGACIÓN
Centro catalogador/agencia de origen DO-SdBNP
Lengua de catalogación spa
Centro/agencia transcriptor BNPHU
049 ## - FONDOS LOCALES (OCLC)
Fondos de biblioteca BNPD
110 2# - ENTRADA PRINCIPAL--NOMBRE DE ENTIDAD CORPORATIVA
Nombre de entidad corporativa o nombre de jurisdicción como elemento de entrada Corporación Dominicano de Electricidad
9 (RLIN) 16035
245 10 - MENCIÓN DE TÍTULO
Título Estudio de factibilidad Tavera-Bao para el gobierno dominicano /
Mención de responsabilidad, etc. Frank Richardson.
260 ## - PUBLICACIÓN, DISTRIBUCIÓN, ETC.
Lugar de publicación, distribución, etc. Santo Domingo:,
Fecha de publicación, distribución, etc. 1972.
300 ## - DESCRIPCIÓN FÍSICA
Extensión v. ;
Dimensiones 29 cm.
505 2# - NOTA DE CONTENIDO CON FORMATO
Nota de contenido con formato Informe meteorológico y ciclonogía dominicana -- Informe sobre la estimación de costo proyecto Bao -- Informe sobre la evaluación económica -- Informe sobre el sistema hidrometeorológico -- Informe sobre la operación de la hidroelétrica Tavera.
500 ## - NOTA GENERAL
Nota general La biblioteca posee el v. 3
700 1# - PUNTO DE ACCESO ADICIONAL--NOMBRE DE PERSONA
Nombre de persona Richardson, Frank
9 (RLIN) 53934
Existencias
Estado de retiro Estado de pérdida No para préstamo Código de colección Localización permanente Ubicación/localización actual Ubicación en estantería Fecha de adquisición Número de inventario Total de préstamos Signatura topográfica completa Código de barras Fecha visto por última vez Precio válido a partir de Tipo de ítem Koha
    Excluido de préstamo Patrimonio Dominicano Patrimonio Dominicano Patrimonio Dominicano En catalogación 25.03.2011 LF1   26818-10 25.06.2020 25.06.2020 Libro y Folleto Colección Patrimonio Dominicano

Con tecnología Koha